أحكام التركات والأوقاف في الفقه الإسلامي وما يجري عليه العمل في مصر ودول مجلس التعاون الخليجي / (Record no. 24210)
[ view plain ]
| 000 -الفاتح | |
|---|---|
| حقل البيانات ثابتة الطول | 01153nam a22002655a 4500 |
| 003 - محدد رقم الضبط | |
| رقم الضبط | OSt |
| 005 - وقت وتاريخ اخر تعامل مع التسجيلة | |
| رقم الضبط | 20170221104538.0 |
| 008 - عناصر البيانات ثابتة الطول - معلومات عامة | |
| حقل البيانات ثابتة الطول | 161120s2008 ua frb 000 0 ara d |
| 015 ## - | |
| -- | 2006 / 21937 |
| 020 ## - الرقم الدولى المعيارى للكتب | |
| الرقم الدولى المعيارى للكتاب | 9789770450561 |
| 040 ## - مصدر الفهرسة | |
| وكالة الفهرسة الأصلية | EG-ScBUE |
| لغة الفهرسة | ara |
| وكالة النسخ | EG-ScBUE |
| 082 04 - رقم تصنيف ديوى العشرى | |
| رقم التصنيف | 340.59 |
| رقم المادة | غ ز ا |
| رقم الطبعة | 22 |
| 100 1# - المدخل الرئيسى - إسم شخصى | |
| الإسم الشخصى | غزالي، أحمد محمد بخيت. |
| 245 10 - بيان العنوان | |
| العنوان | أحكام التركات والأوقاف في الفقه الإسلامي وما يجري عليه العمل في مصر ودول مجلس التعاون الخليجي / |
| بيان المسئوليه,etc | إعداد أحمد محمد بخيت الغزالي. |
| 260 ## - PUBLICATION, DISTRIBUTION, ETC. (IMPRINT) | |
| مكان الناشر او الموزع | القاهرة : |
| اسم الناشر او الموزع | دار النهضة العربية، |
| تاريخ النشر أو التوزيع | 2008. |
| 300 ## - الوصف المادى | |
| التعداد | 479 ص. ؛ |
| أبعاد الوعاء | 24 سم. |
| 504 ## - تبصرة ببليوجرافية | |
| تبصرة ببليوجرافية,الخ | يشتمل على إرجاعات ببليوجرافية. |
| 650 #7 - المدخل الاضافى بالموضوع-مصطلح موضوعى | |
| مصطلح موضوعي أو اسم جغرافي كعنصر مدخل | التركات (فقه إسلامي) |
| مصدر الرأس أو المصطلح | BUEsh |
| 650 #7 - المدخل الاضافى بالموضوع-مصطلح موضوعى | |
| مصطلح موضوعي أو اسم جغرافي كعنصر مدخل | الوقف (فقه إسلامي) |
| مصدر الرأس أو المصطلح | BUEsh |
| 650 #7 - المدخل الاضافى بالموضوع-مصطلح موضوعى | |
| مصطلح موضوعي أو اسم جغرافي كعنصر مدخل | الوقف |
| التقسيم الفرعي العام | قوانين وتشريعات |
| التقسيم الفرعي الجغرافي | مصر. |
| مصدر الرأس أو المصطلح | BUEsh |
| 650 #7 - المدخل الاضافى بالموضوع-مصطلح موضوعى | |
| مصطلح موضوعي أو اسم جغرافي كعنصر مدخل | الوقف |
| التقسيم الفرعي العام | قوانين وتشريعات |
| التقسيم الفرعي الجغرافي | دول الخليج العربية. |
| مصدر الرأس أو المصطلح | BUEsh |
| 651 ## - المدخل الاضافى بالموضوع - اسم جغرافى | |
| مصدر الرأس أو المصطلح | BUEsh |
| 653 ## - مصطلح تكشيفى غير مقيد | |
| Resource For college | Law |
| Arrived date list | February2017 |
| 942 ## - عناصر المدخل الإضافي( كوها) | |
| مصدر التصنيف او مخطط الترفيف | Dewey Decimal Classification |
| حالة التراجع | حالة الفقد | مصدر التصنيف او خطة الترفيف | حالة تلف | ليس للاعارة | مجموعات كوها | المكان الدائم | المكان الحالي | موقع الترفيف | تاريخ الاكتساب | Source of acquisition | سعر الشراء الطبيعي | تعداد مسلسل / التسلسل الزمني | رقم الاستدعاء | الباركود | Date last seen | مُعار | التكلفة | نوع الوعاء |
|---|---|---|---|---|---|---|---|---|---|---|---|---|---|---|---|---|---|---|
| Dewey Decimal Classification | دار النهضة العربية | Central Library | Central Library | First floor | 20/02/2017 | Purchase | 40.00 | 2815 | 340.59 غ ز ا | 000045573 | 15/07/2025 | 20/11/2021 | 50.00 | Book - Borrowing | ||||
| Dewey Decimal Classification | دار النهضة العربية | Central Library | Central Library | First floor | 20/02/2017 | Purchase | 40.00 | 2815 | 340.59 غ ز ا | 000045574 | 15/07/2025 | 12/12/2022 | 50.00 | Book - Borrowing |